000 00448nam a22001577a 4500
003 OSt
005 20211021170826.0
008 211021b |||||||| |||| 00| 0 eng d
020 _a978-1-84407-396-2
040 _cHAWASSA UNIVERSITY
050 _a631.7/WAT
_b3
082 _a631.7/WAT
_b3
245 _aWATER FOR FOOD WATER FOR LIFE:ACOMPREHENSIVE ASSESSMENT OF WATER MANAGEMENT IN AGRICULTURE
260 _aUK
_bIWMI
_c2007
942 _2ddc
_cBOOKS
_n0
999 _c14258
_d14258